000 00799cam a22002653a 4500
001 26430
003 PGUSA
005 20140828083553.0
008 080825s2008||||xxu|||||s|||||000 | eng d
040 _aPGUSA
_beng
042 _adc
050 4 _aBF
100 1 _aRibot, Th.
_q(Théodule),
_d1839-1916
245 1 0 _aEssay on the Creative Imagination
_h[electronic resource] /
_cTh. Ribot
260 _bProject Gutenberg,
_c2008
506 _aPublic domain in the USA.
516 _aElectronic text
653 _aCreation (Literary, artistic, etc.)
653 _aImagination
700 1 _aBaron, Albert Heyem Nachmen,
_d1883-
740 0 _aEssai sur l'imagination créatrice. English
830 0 _aProject Gutenberg
_v26430
856 4 0 _uhttp://www.gutenberg.org/ebooks/26430
942 _cEB
999 _c255685
_d255685